100 Most Populated Counties in America - Statistics

General Stats
  • This quiz has been taken 40 times
  • The average score is 53 of 100
Answer Stats
Rank Population State County % Correct
1 9,721,138 California Los Angeles
93%
7 2,673,837 Florida Miami-Dade
89%
5 3,276,208 California San Diego
89%
4 4,551,524 Arizona Maricopa
86%
77 808,437 California San Francisco
86%
2 5,109,292 Illinois Cook
82%
8 2,600,840 Texas Dallas
82%
30 1,379,946 New York Bronx
79%
3 4,780,913 Texas Harris
79%
13 2,266,789 Washington King
79%
6 3,151,184 California Orange
79%
28 1,452,726 Florida Orange
79%
9 2,590,516 New York Kings
75%
22 1,596,273 New York New York
75%
24 1,567,258 Pennsylvania Philadelphia
75%
12 2,278,029 New York Queens
75%
10 2,418,185 California Riverside
75%
16 2,059,530 Texas Bexar
71%
23 1,588,921 California Sacramento
71%
14 2,193,656 California San Bernardino
71%
11 2,322,985 Nevada Clark
68%
20 1,628,997 California Alameda
64%
67 868,763 Texas El Paso
64%
88 740,567 Texas El Paso
64%
57 950,312 New York Erie
64%
83 773,399 Kenttucky Jefferson
64%
15 2,154,595 Texas Tarrant
64%
19 1,757,043 Michigan Wayne
64%
72 846,161 Maryland Baltimore
61%
92 713,252 Colorado Denver
61%
47 1,015,190 California Fresno
61%
34 1,260,121 Minnesota Hennepin
61%
18 1,879,945 California Santa Clara
61%
25 1,525,465 New York Suffolk
61%
85 766,381 Massachusetts Suffolk
61%
91 716,531 Missouri Jackson
57%
93 709,150 Illinois Lake
57%
61 918,661 Wisconsin Milwaukee
57%
87 752,035 New York Monroe
57%
45 1,052,521 Maryland Montgomery
57%
68 864,683 Pennsylvania Montgomery
57%
98 678,490 Texas Montgomery
57%
29 1,383,726 New York Nassau
57%
90 725,531 Massachusetts Norfolk
57%
79 802,559 Oklahoma Oklahoma
57%
37 1,186,257 Utah Salt Lake
57%
50 990,414 Missouri St. Louis
57%
35 1,236,041 Ohio Cuyahoga
54%
43 1,074,634 Georgia Fulton
54%
75 825,037 Ohio Hamilton
54%
48 995,638 Hawaii Honolulu
54%
54 969,466 Indiana Marion
54%
21 1,617,105 Massachusetts Middlesex
54%
70 861,418 New Jersey Middlesex
54%
33 1,269,431 Michigan Oakland
54%
40 1,156,966 California Contra Costa
50%
71 849,477 New Jersey Essex
50%
78 806,765 Massachusetts Essex
50%
32 1,321,820 Ohio Franklin
50%
74 832,605 California Ventura
50%
63 916,108 California Kern
46%
26 1,518,477 Florida Palm Beach
46%
55 961,739 Florida Pinellas
46%
36 1,233,253 Pennsylvania Allegheny
43%
46 1,016,536 Florida Duval
43%
80 795,083 Oregon Multnomah
43%
44 1,057,597 Arizona Pima
43%
89 729,181 California San Mateo
43%
49 990,427 New York Westchester
43%
100 672,508 New Mexico Bernalillo
39%
17 1,947,026 Florida Broward
39%
94 708,144 Tennessee Davidson
39%
42 1,138,331 Virginia Fairfax
39%
27 1,513,301 Florida Hillsborough
39%
41 1,145,392 North Carolina Mecklenburg
39%
62 916,371 Tennessee Shelby
39%
31 1,326,436 Texas Travis
39%
96 702,434 Utah Utah
39%
38 1,175,021 North Carolina Wake
39%
97 696,757 Illinois Will
39%
56 952,997 New Jersey Bergen
36%
51 981,447 Connecticut Capitol
36%
52 977,281 Texas Denton
36%
95 703,366 New Jersey Hudson
36%
76 822,453 Florida Lee
36%
81 793,229 California San Joaquin
36%
99 677,358 Oklahoma Tulsa
36%
86 762,820 Georgia DeKalb
32%
59 927,380 Washington Pierce
32%
82 787,404 Florida Polk
32%
69 862,927 Massachusetts Worcester
32%
53 975,353 Georgia Gwinnett
29%
66 874,195 Michigan Macomb
29%
60 920,901 Illinois DuPage
25%
58 946,971 Maryland Prince George's
25%
73 840,079 Washington Snohomish
25%
84 771,952 Georgia Cobb
18%
64 889,146 Texas Fort Bend
18%
39 1,158,696 Texas Collin
14%
65 888,367 Texas Hidalgo
14%
No matching quizzes found
Score Distribution
Percent of People with Each Score
Percentile by Number Answered
Your Score History
You have not taken this quiz